000 00687nam a2200205Ia 4500
003 GCL
008 140319s9999 xx 000 0 ara d
040 _aGCL /
_cGCL
082 0 4 _a809
_bص م
100 1 _aصلاح فضل
245 1 0 _aملحمة المغازى الموريسيكية : دراسة فى الادب الشعبى المقارن /
_cصلاح فضل
260 _aالقاهرة :
_bدار الكتاب المصرى ،
_c1992
300 _a308 ؛
_c24 سم
490 _aكتاب
_v0
650 0 4 _aالادب
650 0 4 _aالادب المقارن
650 0 4 _aالادب الشعبى
650 0 4 _aالادب الشعبى - تاريخ ونقد
942 _2ddc
_cBK
999 _c42528
_d42528